A developer's nightmare (Record no. 84390)
[ view plain ]
| 000 -LEADER | |
|---|---|
| fixed length control field | 00747cab a22001935a 4500 |
| 001 - CONTROL NUMBER | |
| control field | L157451 |
| 008 - FIXED-LENGTH DATA ELEMENTS--GENERAL INFORMATION | |
| fixed length control field | 121206e2012 xxk 000 0 eng d |
| 035 ## - SYSTEM CONTROL NUMBER | |
| System control number | (Sirsi) u157451 |
| 041 0# - LANGUAGE CODE | |
| Language code of text/sound track or separate title | eng |
| 100 1# - MAIN ENTRY--PERSONAL NAME | |
| Personal name | Sevier, Amy |
| 245 02 - TITLE STATEMENT | |
| Title | A developer's nightmare |
| 260 ## - PUBLICATION, DISTRIBUTION, ETC. | |
| Date of publication, distribution, etc. | 2012 |
| 490 ## - SERIES STATEMENT | |
| Series statement | Estates Gazette |
| Volume/sequential designation | (1248) 1 December 2012, 58-59(2) |
| 520 ## - SUMMARY, ETC. | |
| Summary, etc. | How restrictive covenants can be relaxed or removed by the Upper Tribunal (Lands Chamber). Notes the powers of the Upper Tribunal to modify or discharge the restrictive covenant and its further powers to order the developer to pay compensation to any person benefiting from it. |
| 590 ## - LOCAL NOTE (RLIN) | |
| Local note | KA |
| 651 #4 - SUBJECT ADDED ENTRY--GEOGRAPHIC NAME | |
| Geographic name | England and Wales |
| Chronological subdivision | 1543- |
| 690 ## - LOCAL SUBJECT ADDED ENTRY--TOPICAL TERM (OCLC, RLIN) | |
| Topical term or geographic name as entry element | Boundary disputes |
| 9 (RLIN) | 6221 |
| 942 ## - ADDED ENTRY ELEMENTS (KOHA) | |
| Suppress in OPAC | 0 |
| Withdrawn status | Lost status | Source of classification or shelving scheme | Damaged status | Not for loan | Home library | Current library | Shelving location | Date acquired | Total Checkouts | Full call number | Barcode | Date last seen | Copy number | Price effective from | Koha item type |
|---|---|---|---|---|---|---|---|---|---|---|---|---|---|---|---|
| Dewey Decimal Classification | London | London | Journal article | 06/12/2012 | L157451 | 157451-1001 | 06/08/2019 | 1 | 06/08/2019 | Journal article |